00392nam a2200121Ia 4500008004100000100002000041245004600061245002100107260000900128856004100137999001900178952007300197160531s9999 xx 000 0 und d aBergstrom, Las. aMulti-messenger Astronomy and Dark Matter cby Las Bergstrom c2012 uhttp://arxiv.org/pdf/1202.1170v2.pdf c295183d295183 001040aCLbCLd2016-05-31l0r2016-05-31 00:00:00w2016-05-31yCBE